000 00372nam a22001457a 4500
005 20250210122753.0
008 250210b |||||||| |||| 00| 0 eng d
020 _a9780852974346
050 _aHG1708
_bCOY
100 _aCoyle, Brian
245 _aCurrency options
260 _aLondon
_bThe Chartered Institute of Bankng
_cc2000
300 _avi, 154p
942 _2lcc
_cBK
_n0
999 _c3780
_d3780